000
00281nam a22001337a 4500
008
181029b xxu||||| |||| 00| 0 eng d
020
_a
0062504371
041
_a
eng
080
_a
159.9
100
_a
48
101
_a
PSI
245
_a
Inner Work
_c
Johnson,R.A
942
_2
udc
_c
BK
999
_c
51014
_d
51014